| 000 | 00857nam a2200241 i 4500 | ||
|---|---|---|---|
| 001 | 146516 | ||
| 003 | ES-MaACL | ||
| 005 | 20250919130041.0 | ||
| 007 | t| | ||
| 008 | 070911s1982 sp ||||1| spa d | ||
| 080 | _a946.0"-0218/+0414" | ||
| 100 | 1 |
_aTovar, Antonio, _d1911-1985 _9111167 |
|
| 245 | 1 | 0 |
_aHistoria de la Hispania Romana _b: la penísula Ibérica desde 218 a. C. hasta el siglo V. / _cAntonio Tovar y J.M. Blázquez. |
| 250 | _a[3ª ed.]. | ||
| 260 |
_aMadrid : _bAlianza, _c[1982] |
||
| 300 |
_a381 p. ; _c18 cm. |
||
| 490 | 1 | _aEl libro de bolsillo. Humanidades, 565 | |
| 651 | 7 |
_aEspaña- _xHistoria- _y218 a.C.-414 d.C. (Época romana) _2 _9168873 |
|
| 700 | 1 |
_aBlázquez, José María, _d1926- _9141915 |
|
| 830 | 0 | 3 |
_aEl libro de bolsillo. _pHumanidades _9178672 |
| 852 |
_aES-MaACL _jL-4717 _bR.104430 |
||
| 999 |
_c146516 _d146516 |
||